00633nam a2200241 a 4500001001300000003000900013005001700022008004100039020001100080082001300091100001500104245001800119260002900137300000900166500003500175505001000210650001600220700001500236902000800251942000700259952011000266999001500376nice12345678IN_TiNIC20260116013050.0050524s1969 lona grp 000 0 eng  ac6.7500a232bDYS aDyson, A O aWho Is Christ aLondonbScm Press c1969 a127p aincludes index and biblioraphy2 aIndex aChristology1 aDyson, A O bSRS cBK 001040708StackRoom-aHMIbHMId2007-06-15g6.75l0o232 DYSp016054r2007-06-15v6.75w2005-05-24yBK c9505d9505